| Tag |
First Indicator |
Second Indicator |
Subfields |
| LEADER |
00000cam a2200000 a 4500 |
| 001 |
in00000080189 |
| 005 |
20151008060850.0 |
| 008 |
820424s1981 cau b s00110beng |
| 010 |
|
|
|a 81040318
|
| 020 |
|
|
|a 0520037901
|
| 035 |
|
|
|a (OCoLC)08129403
|
| 035 |
|
|
|9 AAJ6763AM
|
| 039 |
0 |
|
|a 2
|b 3
|c 3
|d 3
|e 3
|
| 040 |
|
|
|a DLC
|c DLC
|d TXA
|d UtOrBLW
|
| 043 |
|
|
|a e--fr---
|
| 049 |
|
|
|a TXAM
|c [1442952]
|
| 050 |
0 |
0 |
|a HM22.F8
|b S677
|
| 082 |
0 |
|
|a 301/.092/4
|2 19
|
| 100 |
1 |
|
|a Stanley, John,
|d 1937-1998.
|
| 245 |
1 |
4 |
|a The sociology of virtue :
|b the political & social theories of George Sorel /
|c John Stanley.
|
| 264 |
|
1 |
|a Berkeley :
|b University of California Press,
|c [1981]
|
| 264 |
|
4 |
|c ©1981
|
| 300 |
|
|
|a viii, 387 pages ;
|c 24 cm.
|
| 336 |
|
|
|a text
|b txt
|2 rdacontent
|
| 337 |
|
|
|a unmediated
|b n
|2 rdamedia
|
| 338 |
|
|
|a volume
|b nc
|2 rdacarrier
|
| 500 |
|
|
|a Includes index.
|
| 504 |
|
|
|a Bibliography: pages [343]-376.
|
| 600 |
1 |
0 |
|a Sorel, Georges,
|d 1847-1922.
|
| 650 |
|
0 |
|a Sociology
|z France
|x History.
|
| 650 |
|
0 |
|a Virtue
|x Social aspects.
|
| 999 |
|
|
|a MARS
|
| 999 |
f |
f |
|s 2c50bfd4-464c-3826-857c-77ec37aeba58
|i 1de9df75-5e8e-335a-9791-c0b4aebc9534
|t 0
|
| 952 |
f |
f |
|p ric
|a Texas A&M University
|b Rellis Campus
|c Joint Library Facility
|d Remote Storage
|t 0
|e HM22.F8 S677
|h Library of Congress classification
|i unmediated -- volume
|m A14806138688
|
| 998 |
f |
f |
|a HM22.F8 S677
|t 0
|l Remote Storage
|